| 000 | 00663nam a22002057a 4500 | ||
|---|---|---|---|
| 003 | OSt | ||
| 005 | 20241017124158.0 | ||
| 008 | 241017b |||||||| |||| 00| 0 eng d | ||
| 020 | _a9781398527492 | ||
| 040 | _cNiruc | ||
| 050 |
_aPN1008.2. _bI83 2023 |
||
| 100 | _aIsaacson, Walter | ||
| 245 |
_aElon Musk / _cWalter Isaacson |
||
| 260 |
_aLondon ; _bSimon & Schuter UK Ltd, _c2023. |
||
| 300 |
_axi, 667p : _billustrations (some color) _c25cm |
||
| 650 |
_2Musk, Elon _aJuvenile literature |
||
| 651 |
_2Businesspeople _aUnited States _vBiography Juvenile literature |
||
| 651 |
_2Businesspeople _aSouth Africa _vBiography Juvenile literature |
||
| 942 |
_2lcc _cBK _n0 |
||
| 999 |
_c518 _d518 |
||